| 000 | 00891 am a2200241 a 4500 | ||
|---|---|---|---|
| 005 | 20120417110038.0 | ||
| 008 | 100517s1984||||sp ||||f |||| 00| 0 spa d | ||
| 020 | _a8485320301 | ||
| 041 | _aspa | ||
| 092 |
_c616.5 _l4 _sARN |
||
| 100 | 1 |
_aArndt, Kenneth A. _9175 |
|
| 245 |
_aManual de terapeutica dermatológica : _bCon fundamentos semiológicos / _cKenneth A. Arndt. |
||
| 250 |
_a3a ed / _bTraducción Mario A. Marino. |
||
| 260 |
_aMadrid : _bEditorial Médica Panamericana, _c1984. |
||
| 300 | _a492 p. | ||
| 590 | _aDonación Dr. Mancuso Abril 2007 | ||
| 653 | _aEnfermedades dermatológicas comunes: diagnóstico y tratamiento | ||
| 653 | _aProcedimientos y técnicas | ||
| 653 | _aPrincipios terapéuticos y formulario | ||
| 930 | _a1758 | ||
| 942 |
_2ddc _cBK |
||
| 952 |
_aBFM _bBFM _70 _p1758 _cCR _40 _00 _yBK _10 _o616.5 4 ARN _d2011-05-13 _tej.1 |
||
| 999 |
_c316 _d316 |
||